Normal view
MARC view
Entry Personal Name
001 - CONTROL NUMBER
- control field: 26885
003 - CONTROL NUMBER IDENTIFIER
- control field: ARRUPE
005 - DATE AND TIME OF LATEST TRANSACTION
- control field: 20161020114949.0
008 - FIXED-LENGTH DATA ELEMENTS
- fixed length control field: 161020|| aca||aabn | a|a d
040 ## - CATALOGING SOURCE
- Original cataloging agency: ARRUPE
- Transcribing agency: ARRUPE
100 ## - HEADING--PERSONAL NAME
- Personal name: Mhone, Guy C. Z.,
- Dates associated with a name: 1942-
- Relator term: ed.
670 ## - SOURCE DATA FOUND
- Source citation: Work cat.: (ARRUPE)0: The informal sector in Southern Africa :, 1996.